• 首页
  • 本馆介绍
  • 公告通知
  • 最新文献
  • 馆藏检索
  • 电子资源
  • 读者导购
  • 参考咨询
  • 我的图书馆
  • 登录
  • 详细信息显示
  • 放入我的书架
  • 预约/预借图书
  • 作者相关作品
  • 分类相关作品
  • 丛书相关作品
  • 出版社相关作品

书目信息

  • 表格格式
  • 工作单格式
  • 卡片格式
题名:
藏着的中国
    
 
作者: 余秋雨 主编
分册:  
出版信息: 天津   百花文艺出版社  2002.08
页数: 532页
开本: 21cm
丛书名:
单 册:
中图分类: G269.2
科图分类:
主题词: 博物馆--简介--中国
电子资源:
ISBN: 7-5306-3348-1
000 00525Pam2 2200193 45
001 JMS0002011
005 20040203164529.4
010    @a7-5306-3348-1@dCNY48.00
100    @a20030410d2002 ekmy1chiy0120 ea
101 0  @achi
105    @af z 000yy
200  1 @a藏着的中国@f余秋雨主编@FYu Qiu Yu Zhu Bian
210    @a天津@c百花文艺出版社@d2002.08
215    @a532页@c图@d21cm
606 0  @a博物馆@x简介@y中国
690    @aG269.2@v4
701  0 @a余秋雨@4主编
801    @aCN@bTSTCL@c20040203
905    @b333676-680@dG269.2@e4@f5
    
    藏着的中国/余秋雨主编.-天津:百花文艺出版社,2002.08
    532页:图;21cm
    
    
    ISBN 7-5306-3348-1:CNY48.00
    
●
相关链接 在E读中查询图书 在五车中查询图书 在当当中查询图书 在豆瓣中查询图书


正题名:藏着的中国     索取号:G269.2/4         预约/预借

序号 登录号 条形码 馆藏地/架位号 状态 备注
1 0333676   203336764   第四借阅区/ [索取号:G269.2/4] 在馆    
2 0333677   203336773   第四借阅区/ [索取号:G269.2/4] 在馆    
3 0333678   203336782   第四借阅区/ [索取号:G269.2/4] 在馆    
4 0333679   203336791   第四借阅区/ [索取号:G269.2/4] 在馆    
5 0333680   203336808   第一样本阅览室/ [索取号:G269.2/4] 在馆    
唐山师范学院图书馆 欢迎您!
大连网信软件有限公司© 版权所有